Myologie du tronc - Statistiques

Statistiques générales
  • Ce quiz a été pris 103 fois
  • Le résultat moyen est 6 sur 16
Statistiques - réponses
Par images Réponse % Correct
diaphragme
84%
psoas
66%
carré des lombes
57%
iliaque
55%
oblique externe
45%
longissimus
43%
oblique interne
43%
périnée
36%
ilio-costal
25%
droit abdominal
20%
dentelé postérieur inférieur
16%
dentelé postérieur supérieur
16%
transverses
14%
courts élévateurs des côtes
11%
longs élévateurs des côtes
11%
splénus
7%
Aucun quiz correspondant
Distribution des résultats
% des personnes avec chaque résultat
Percentile par nombre de réponses
Votre historique - résultats
Vous n’avez pas pris ce quiz